000 00385nam a2200181Ia 4500
001 480
005 20260306140521.0
008 260306t2011||||xx |||||||||||||| ||spa||
041 _aESP
082 _a121
_bLL726 2011
100 _aLlano, Alejandro
_eAUT
245 0 _aGnoseologĂ­a
260 _c2011
300 _a
_c
650 _aGEN
654 _aCHU
942 _cLIB
_dJUS
_fJUS
_2ddc
_n
999 _c480
_d480